Волинський Кобзар (Запис № 399144)

МАРК-запис
000 -Лідер
fixed length control field 00654nam a22002297a 4500
003 - Ідентифікатор контрольного номера
control field UA-OsUOA
001 - Контрольний номер
control field 113446
007 - Фіксоване поле фізичного опису
fixed length control field ta
008 - Елементи даних фіксованої довжини – загальна інформація
fixed length control field 20150908b un ||||| |||| 00| 0 ukr d
090 ## - Локальний шифр розміщення
Класифікаційний індекс УДК 82.09(477.82)
Авторський знак (НП) В67
040 ## - Джерело каталогізації
Агенція оригінальної каталогізації UA-OsUOA
Мова каталогізації ukr
Агенція, яка здійснювала перезапис UA-OsUOA
Агенція, яка здійснювала модифікацію UA-OsUOA
041 ## - Код мови
Код мови тексту/ звукової доріжки чи окремого заголовка (П) ukr
080 ## - Індекс Універсальної десяткової класифікації
Індекс Універсальної десяткової класифікації (УДК) (НП) 82.09(477.82)
020 ## - Міжнародний стандартний книжковий номер (ISBN)
Міжнародний стандартний книжковий номер (ISBN) (НП) 978-966-2254-71-6
245 ## - Відомості про назву
Назва (НП) Волинський Кобзар
Дані про відповідальність (НП) укл. П. М. Кралюк
260 ## - Публікація, розповсюдження і т.п. (Вихідні дані)
Місце публікації, розповсюдження і т.п. (П) Острог
Ім’я/ наймення видавництва, розповсюджувача і т.п. (П) Острозька академія
Дата публікації, розповсюдження і т.п. (П) 2013
300 ## - Фізичний опис
Обсяг 212 с.
650 #7 - Додаткове предметне введення – тематичний термін
Тематичний термін чи географічна назва, як елемент введення (НП) 82 Література. Літературознавство
Джерело заголовка чи терміна UDC
942 ## - Додаткові елементи входу (Коха)
Тип елемента Koha Книги
955 ## - Код типу видання за змістом
Код типу видання за змістом (НП) Навчальні видання
Фонди
Стан вилучень Стан втрат Джерело класифікації або схеми стелажів Стан уражень Не для кредиту Постійне місце розташування Поточне розміщення Дата придбання Джерело придбання Вартість, звичайна ціна покупки Інвентарний номер Усього замовленно Повний номер виклику Штрих-код Дата останнього перегляду Ціна ефективна від Тип елемента Koha
Withdrawn   Universal Decimal Classification     ЧЗ - Читальна зала ЧЗ - Читальна зала 08/09/2015 35/2015 90.00 148854   82.09(477.82) В67 148854 13/07/2019 08/09/2015 Книги
    Universal Decimal Classification     ЧЗ - Читальна зала ЧЗ - Читальна зала 08/09/2015 35/2015 90.00 148855   82.09(477.82) В67 148855 09/02/2022 08/09/2015 Книги
    Universal Decimal Classification     ЧЗ - Читальна зала ЧЗ - Читальна зала 08/09/2015 35/2015 90.00 148856   82.09(477.82) В67 148856 09/02/2022 08/09/2015 Книги
    Universal Decimal Classification     ЧЗ - Читальна зала ЧЗ - Читальна зала 08/09/2015 35/2015 90.00 148857   82.09(477.82) В67 148857 09/02/2022 08/09/2015 Книги
    Universal Decimal Classification     ЧЗ - Читальна зала ЧЗ - Читальна зала 08/09/2015 35/2015 90.00 148858   82.09(477.82) В67 148858 09/02/2022 08/09/2015 Книги